The Role of the Law Enforcement Officer in the Protection of Human Rights (Record no. 1236)

MARC details
000 -LEADER
fixed length control field 007170000a22002050004500
003 - CONTROL NUMBER IDENTIFIER
control field LK-CoMWRAF
008 - FIXED-LENGTH DATA ELEMENTS--GENERAL INFORMATION
fixed length control field 230817t1986 ||||| |||| 00| 0 eng d
020 ## - INTERNATIONAL STANDARD BOOK NUMBER
International Standard Book Number 9555920001
040 ## - CATALOGING SOURCE
Original cataloging agency LK-CoMWRAF
Modifying agency LK-CoMWRAF
Description conventions LK-CoMWRAF
041 ## - LANGUAGE CODE
Language code of text/sound track or separate title English
082 ## - DEWEY DECIMAL CLASSIFICATION NUMBER
Classification number 342
Item number ROL
942 ## - ADDED ENTRY ELEMENTS (KOHA)
Koha item type Books
111 ## - MAIN ENTRY--MEETING NAME
Meeting name or jurisdiction name as entry element ASIAN REGIONAL SEMINAR ON 'THE ROLE OF THE LAW ENFORCEMNT OFFICER IN THE PROTECTION OF HUMAN RIGHTS'
Location of meeting (Colombo,
Date of meeting 13-21 February, 1984)
245 ## - TITLE STATEMENT
Title The Role of the Law Enforcement Officer in the Protection of Human Rights
260 ## - PUBLICATION, DISTRIBUTION, ETC. (IMPRINT)
Place of publication, distribution, etc. Colombo:
Name of publisher, distributor, etc. Sri Lanka Foundation,
Date of publication, distribution, etc. 1986
300 ## - PHYSICAL DESCRIPTION
Extent 223 p. ; 23 cm.
490 ## - SERIES STATEMENT
Series statement SLF monograph series ;
Volume/sequential designation 6.
650 ## - SUBJECT ADDED ENTRY--TOPICAL TERM
Topical term or geographic name as entry element CIVIL Rights-Congresses
650 ## - SUBJECT ADDED ENTRY--TOPICAL TERM
Topical term or geographic name as entry element Criminal procedure
Holdings
Withdrawn status Lost status Damaged status Not for loan Permanent Location Current Location Date acquired Full call number Barcode Koha item type
        Resource center, Muslim Women's Research And Action Forum Resource center, Muslim Women's Research And Action Forum 2023-08-17 342 ROL RAF522 Books

Copyright © 2023 Muslim Women's Research and Action Forum (MWRAF), No 27/3, Anderson Road, Kalubowila, Dehiwela. Funded by The Asia Fundation